| 000 | 01470nam a2200313 i 4500 | ||
|---|---|---|---|
| 003 | EG-GICUC | ||
| 005 | 20260121101223.0 | ||
| 008 | 251115s1998 ua ||||fr|||| 00| 0 ara d | ||
| 040 |
_a EG-GICUC _bara _c EG-GICUC _d EG-GICUC _erda |
||
| 041 | 0 | _aara | |
| 082 | 0 | 4 |
_221 _a341.851 _bم ص . ت |
| 092 | 0 | 4 | _221 |
| 099 | _aLaw1 12 341.851 م ص . ت 1 ed - 1998 | ||
| 100 | 0 |
_aمصطفى محمد الجمال _eمؤلف. |
|
| 245 | 1 | 2 |
_aالتحكيم في العلاقات الخاصة الدولية و الداخلية : _bقانون التحكيم التجاري المصري رقم 27 لسنة 1994 في ضوء القانون المقارن وقانون التجارة الدولي / _cمصطفى محمد الجمال |
| 250 | _aالطبعة الاولى | ||
| 264 |
_aالإسكندرية : _bالفتح للطباعة والنشر، _c1998. |
||
| 300 |
_a836 صفحة ; _c24 سم. |
||
| 336 |
_2rda content _atext |
||
| 337 |
_2rda media _aComputer |
||
| 338 |
_2rda carrier _aOnline Resource |
||
| 504 | _aيحتوي على ارجاعات ببليوجرافية يحتوي على قائمة بالمراجع | ||
| 546 | _aالنص أغلبه باللغة العربية مع بعض النصوص الإنجليزية | ||
| 650 | 1 | _aالتحكيم - قانون دولي | |
| 700 |
_aعكاشة محمد عبد العال. _eمؤلف. |
||
| 856 | 4 | 0 | _uhttps://fll.law.cu.edu.eg/fulltext/bks/B12-01080.pdf |
| 905 |
_a75 _eYara |
||
| 942 |
_2ddc _n0 _cBK _e21 |
||
| 999 |
_c43324 _d43324 |
||